000 00432nam a22001457a 4500
008 161007b xxu||||| |||| 00| 0 eng d
050 _aL DS557.72.W461
100 _aWelsh, Douglas
_926568
245 _aThe History of theVietnam war
_c/Douglas Welsh
260 _aLondon
_bBison Books
_c1981
300 _a75p.;
_c30cm.
650 _aVietnam War
_926569
650 _aVietnam war
_xPictorial works
_926570
942 _2lcc
_cMONOGRAPH
999 _c125454
_d125454